| 000 | 00550nam a2200181 a 4500 | ||
|---|---|---|---|
| 005 | 20210223122913.0 | ||
| 008 | 991125s1982 mx 000 0 spa u | ||
| 035 | _aUPN01000043797 | ||
| 049 | _aCG | ||
| 050 | 4 |
_aHV1783 _bT5.6 |
|
| 100 | 1 |
_aTibol, Raquel, _d1923- _929461 |
|
| 245 | 1 | 0 |
_aPasos en la danza mexicana / _cRaquel Tibol. |
| 260 |
_aMéxico : _bUNAM, Dirección General de Difusión Cultural, Departamentode Danza, _c1982. |
||
| 300 |
_a182 p. : _bil. |
||
| 440 | 0 |
_aTextos de danza ; _v5 |
|
| 650 | 4 |
_aBAILE MODERNO _97443 |
|
| 905 | _aLibro | ||
| 999 |
_c43797 _d43797 |
||